[Event "GER-ch U12"]
[Site "Willingen"]
[Date "2022.06.05"]
[Round "2"]
[White "Burkart, Lloyd Shang"]
[Black "Mukazhanov, Mansur"]
[Result "1-0"]
[WhiteElo "1559"]
[BlackElo "1267"]
[PlyCount "71"]
[EventDate "2022.06.04"]
[EventType "swiss"]
[EventRounds "9"]
[EventCountry "GER"]
[SourceTitle "CBM 208 Extra"]
[Source "ChessBase"]
[SourceDate "2022.07.31"]
[SourceVersion "1"]
[SourceVersionDate "2022.07.31"]
[SourceQuality "1"]

1. d4 Nf6 2. c4 e6 3. g3 Nc6 4. Nf3 b6 5. Bg2 Bb7 6. Nc3 Be7 7. 0-0 0-0 8. Qd3 Nb4 9. Qb1 Ne8 10. a3 Nc6 11. e4 f6 12. b4 Rb8 13. Qd3 a5 14. b5 Na7 15. Be3 c6 16. a4 cxb5 17. axb5 d5 18. exd5 exd5 19. c5 bxc5 20. dxc5 Ra8 21. Nd4 Bxc5 22. Ne6 Qd6 23. Nxc5 Rb8 24. Bf4 Qxc5 25. Bxb8 Kh8 26. Na4 Qxb5 27. Qb1 Bc6 28. Bxa7 Nc7 29. Qxb5 Nxb5 30. Bb6 Ba8 31. Bxa5 d4 32. Rfd1 h6 33. Bb6 Bxg2 34. Kxg2 Nc3 35. Nxc3 dxc3 36. Rac1 1-0